US Largest City In Each State (By Population) - Statistics

General Stats
  • This quiz has been taken 42 times
  • The average score is 44 of 50
Answer Stats
State City % Correct
Georgia Atlanta
100%
Massachusetts Boston
100%
Illinois Chicago
100%
Missouri Kansas City
100%
Nevada Las Vegas
100%
California Los Angeles
100%
New York New York City
100%
Arizona Phoenix
100%
Maine Portland
100%
Oregon Portland
100%
Colorado Denver
97%
Hawaii Honolulu
97%
Texas Houston
97%
Indiana Indianapolis
97%
Minnesota Minneapolis
97%
Louisiana New Orleans
97%
Oklahoma Oklahoma City
97%
Utah Salt Lake City
97%
Mississippi Jackson
95%
Tennessee Nashville
95%
Nebraska Omaha
95%
Pennsylvania Philadelphia
95%
Washington Seattle
95%
New Mexico Albuquerque
92%
Maryland Baltimore
92%
Idaho Boise
92%
Michigan Detroit
92%
Florida Jacksonville
92%
North Carolina Charlotte
89%
Ohio Columbus
89%
Rhode Island Providence
89%
Alaska Anchorage
86%
Alabama Birmingham
86%
Arkansas Little Rock
86%
Kentucky Louisville
86%
South Carolina Charleston
84%
West Virginia Charleston
84%
Iowa Des Moines
84%
Wisconsin Milwaukee
78%
Virginia Virginia Beach
76%
Kansas Wichita
76%
Montana Billings
73%
Vermont Burlington
73%
North Dakota Fargo
73%
New Jersey Newark
73%
South Dakota Sioux Falls
70%
Wyoming Cheyenne
68%
New Hampshire Manchester
57%
Connecticut Bridgeport
51%
Delaware Wilmington
51%
No matching quizzes found
Score Distribution
Percent of People with Each Score
Percentile by Number Answered
Your Score History
You have not taken this quiz